000
00276nam a22001217a 4500
041
_a
ENG
100
_a
Kumar .D.S
245
_a
Mechanical Measurements And Control
260
_a
Delhi
_b
Metropolitan Book Co.
_c
1990
300
_a
718
650
_a
M.Tech
856
_u
M.Tech -(7)
999
_c
995
_d
995